Galois theory of linear differential equations /
Guardado en:
| Autor Principal: | |
|---|---|
| Otros Autores: | |
| Formato: | Libro |
| Idioma: | English |
| Publicado: |
Berlin ; New York :
Springer,
c2003.
|
| Series: | Grundlehren der mathematischen Wissenschaften,
328 |
| Materias: | |
| Acceso en línea: | Publisher description |
| Etiquetas: |
Agregar Etiqueta
Sin Etiquetas, Sea el primero en etiquetar este registro!
|
| LEADER | 01712cam a22002654a 4500 | ||
|---|---|---|---|
| 001 | MAT.inmabb006846 | ||
| 008 | 021031s2003####gw#a#####b####001#0#eng## | ||
| 005 | 20150922165018.0 | ||
| 245 | 1 | 0 | |a Galois theory of linear differential equations / |c Marius van der Put, Michael F. Singer. |
| 260 | |a Berlin ; |a New York : |b Springer, |c c2003. | ||
| 300 | |a xvii, 438 p. : |b il. ; |c 24 cm. | ||
| 440 | 0 | |a Grundlehren der mathematischen Wissenschaften, |x 0072-7830 ; |v 328 | |
| 504 | |a Incluye referencias bibliográficas (p. [419]-432) e índice. | ||
| 505 | 0 | |a Algebraic Theory: Picard-Vessiot Theory -- Differential Operators and Differential Modules -- Formal Local Theory -- Algorithmic Considerations -- Analytic Theory: Monodromy, the Riemann-Hilbert Problem and the Differential Galois Group -- Differential Equations on the Complex Sphere and the Riemann-Hilbert Problem -- Exact Asymptotics -- Stokes Phenomenon and Differential Galois Groups -- Stokes Matrices and Meromorphic Classification -- Universal Picard-Vessiot Rings and Galois Groups -- Inverse Problems -- Moduli for Singular Differential Equations -- Positive Characteristic -- Appendices: Algebraic Geometry -- Tannakian Categories -- Sheaves and Cohomology -- Partial Differential Equations. | |
| 510 | 4 | |a MR, |c 2004c:12010 | |
| 020 | |a 3540442286 | ||
| 100 | 1 | |a Put, Marius van der, |d 1941- | |
| 700 | 1 | |a Singer, Michael F., |d 1950- | |
| 650 | 0 | |a Galois theory. | |
| 650 | 0 | |a Differential equations, Linear. | |
| 084 | |a 12H05 (12H20 34A99 34M15) |2 msc2000 | ||
| 010 | |a 2002042475 | ||
| 040 | |a DLC |c DLC |d DLC | ||
| 856 | 4 | 2 | |3 Publisher description |u http://www.loc.gov/catdir/enhancements/fy0817/2002042475-d.html |
| 859 | |h 12 |i P988 |p A-8908 |b BIB. MATEMATICA | ||
